| 000 | 00486nam a2200193Ia 4500 | ||
|---|---|---|---|
| 008 | 180207s9999 xx 000 0 und d | ||
| 020 | _a9780439897105 | ||
| 050 | _bS631 2007 | ||
| 100 | _aSlater, Teddy | ||
| 245 | _aBen's bad day : | ||
| 245 | _bno bullies allowed! / | ||
| 245 | _cTeddy Slater ; illustrated by John Jones. | ||
| 260 | _aNew York : | ||
| 260 | _bScholastic, | ||
| 260 | _c2007 | ||
| 300 | _aunpaged : | ||
| 300 | _bcolor illustration ; | ||
| 300 | _c18cm. | ||
| 999 |
_c355394 _d355394 |
||